Central Library OPAC University of Rajshahi

Museum adventure : (Record no. 1012)

MARC details
000 -LEADER
fixed length control field 00736cam a22002531 4500
001 - CONTROL NUMBER
control field 1012
003 - CONTROL NUMBER IDENTIFIER
rucl marc code BD-RjUL
005 - DATE AND TIME OF LATEST TRANSACTION
control field 20211208233250.0
008 - FIXED-LENGTH DATA ELEMENTS--GENERAL INFORMATION
fixed length control field 131124s1950 enkcod 001 0 eng d
035 ## - SYSTEM CONTROL NUMBER
System control number (BD-RjUL)1034
System control number (OCoLC)3340338
040 ## - CATALOGING SOURCE
Original cataloging agency DLC
Transcribing agency OC
Modifying agency Uk
-- DLC
-- BD-RjUL
Language of cataloging eng
041 ## - LANGUAGE CODE
Language code of text/sound track or separate title eng
082 ## - DEWEY DECIMAL CLASSIFICATION NUMBER
Classification number 749.074
Edition number 21
Author mark and year HAM 1950
100 1# - MAIN ENTRY--PERSONAL NAME
Personal name Harrison, Molly.
9 (RLIN) 2978
245 10 - TITLE STATEMENT
Title Museum adventure :
Remainder of title the story of the Geffrye Museum /
Statement of responsibility, etc. Molly Harrison.
260 ## - PUBLICATION, DISTRIBUTION, ETC. (IMPRINT)
Place of publication, distribution, etc. London :
Name of publisher, distributor, etc. University of London Press,
Date of publication, distribution, etc. c1950.
300 ## - PHYSICAL DESCRIPTION
Pagination 176 p. :
Illustrations ills. ;
Size 20 cm.
500 ## - GENERAL NOTE
General note Includes index.
610 20 - SUBJECT ADDED ENTRY--CORPORATE NAME
Corporate name or jurisdiction name as entry element Geffrye Museum (London, England)
942 ## - ADDED ENTRY ELEMENTS (KOHA)
Source of classification or shelving scheme Dewey Decimal Classification
Koha item type Books
Holdings
Lost status Source of classification or shelving scheme Damaged status Not for loan Collection code Permanent Location Current Location Shelving location Date acquired Source of acquisition Cost, normal purchase price Total Checkouts Full call number Date last seen Copy number Koha item type
  Dewey Decimal Classification   Not For Loan Non-fiction Central Library, University of Rajshahi Central Library, University of Rajshahi Reading Room 25/09/1960 Orient longman 0.50   749.074 HAM 1950 24/11/2013 C-1 Books